000 00466nam a2200181Ia 4500
001 4430
005 20260306145755.0
008 260306t2024||||xx |||||||||||||| ||spa||
041 _aESP
082 _a321.8
_bU61
110 _aUniversidad Católica de Santa María
245 0 _aQuiebre de la democracia en el Sur :
_bcultura y ciudadanía
260 _c2024
300 _a210 páginas :
_c24 cm.
650 _aGEN
654 _aCDE
942 _cLIB
_dJUS
_fJUS
_2ddc
_n
999 _c4430
_d4430